Antología de cuentistas españoles contemporáneos (Record no. 24389)

MARC details
000 -LEADER
campo de control de longitud fija 00668nam a2200205 i 4500
001 - NÚMERO DE CONTROL
campo de control 24389
003 - IDENTIFICADOR DE NÚMERO DE CONTROL
campo de control ES-MaACL
005 - FECHA Y HORA DE LA ÚLTIMA TRANSACCIÓN
campo de control 20230906153036.0
007 - CAMPO FIJO DE DESCRIPCIÓN FÍSICA--INFORMACIÓN GENERAL
campo de control de longitud fija t|
008 - DATOS DE LONGITUD FIJA--INFORMACIÓN GENERAL
campo de control de longitud fija 021217s1959 sp ||||1| spa d
245 00 - MENCIÓN DEL TÍTULO
Título Antología de cuentistas españoles contemporáneos
Resto del título : (1939-1958) /
Mención de responsabilidad, etc. Francisco García Pavón.
260 ## - PUBLICACIÓN, DISTRIBUCIÓN, ETC.
Lugar de publicación, distribución, etc. Madrid :
Nombre del editor, distribuidor, etc. Gredos,
Fecha de publicación, distribución, etc. [1959] (
Fabricante Cóndor)
300 ## - DESCRIPCIÓN FÍSICA
Extensión 399 p. ;
Dimensiones 19 cm.
490 1# - MENCIÓN DE SERIE
Mención de serie Biblioteca románica hispánica
650 #4 - PUNTO DE ACCESO ADICIONAL DE MATERIA--TÉRMINO DE MATERIA
Término de materia o nombre geográfico como elemento de entrada Cuentos españoles-
Subdivisión cronológica S.XX.
9 (RLIN) 11487
700 1# - ENTRADA AGREGADA--NOMBRE PERSONAL
Nombre de persona García Pavón, Francisco.
9 (RLIN) 55085
830 0# - PUNTO DE ACCESO ADICIONAL DE SERIE-TÍTULO UNIFORME
Título uniforme Biblioteca románica hispánica
9 (RLIN) 180746
852 ## - LOCALIZACIÓN
Ubicación ES-MaACL
Número de control de estantería C-15780
Sublocalización o colección R.43863
Holdings
Estatus retirado Estado de pérdida Estado de daño No para préstamo Biblioteca de origen Biblioteca actual Ubicación en estantería Fecha de adquisición Fuente de adquisición Total de préstamos Signatura topográfica completa Código de barras Visto por última vez Precio de reemplazo Tipo de ítem Koha
        Biblioteca del Ateneo de Madrid Biblioteca del Ateneo de Madrid Ficheros 17/01/2008     C-15780 1025147 23/02/2023 23/02/2023 Libro impreso